00484 2200193 4500001002100000005001500021008004100036020001900077035001900096041000700115082001000122090001600132100002200148245002900170250001000199260003800209300003000247650001300277INLIS00000000001433820241224114727241224||||||||| | ||| |||| || |  a979-98406-39-0 0010-1224014338 aid0 a2x5.4 a2x5.4 MUH m0 aNur Faizin Muhith00amenyelami ayat-ayat hati aCET.2 aSurakartabziyad visi mediac2007 a154 hlm,; 13,5 cm x 20 cm 0aAl-Quran